000 00820nam a2200217Ia 4500
005 20241129111025.0
008 241129s9999||||xx |||||||||||||| ||und||
020 _a978-81-7587-981-2 (Vol.1, part 1); 978-81-7587-982-9 (Vol.1, part 2); 978-93-5160-024-4 (Vol.2); 978-93-5160-025-1 (Vol.3); 978-93-5160-026-8 (Vol.4); 978-93-5160-027-5 (Vol.4)
037 _aREF
040 _aCRL
_beng
_cCRL
041 _aurd
_2urd
084 _aO168,1L50x K7;P6.1-.9 (RR)
_qCRL
100 _aAmrohvi Hamdani Mushafi Au.
245 0 _aKulliyat-e-Mushafi vol. 1 to 3 and vol. 5 to 9 set
_cAmrohvi Hamdani Mushafi Au.
260 _aNew Delhi, India
_bNCPUL
_c2003
365 _aINR
_b1525
490 _vVol.1
650 _aUrdu Poetry
942 _cREF
_hO168,1L50x K7;P6.1-.9 (RR)
999 _c1228581
_d1228581